| 000 | 00622nam a2200193 a 4500 | ||
|---|---|---|---|
| 001 | 15985 | ||
| 003 | CO-ViMGA | ||
| 008 | 141112s2004 ck r 000 u spa d | ||
| 040 |
_aCO-ViMGA _bspa _cCO-ViMGA |
||
| 082 | 0 | 4 | _a770.8 N373 |
| 100 | 1 |
_aBiblioteca Nacional de Colombia, _922954 |
|
| 245 | 1 | 0 | _aNereo 50 años Viendo |
| 260 |
_aBogotá, _cBiblioteca Nacional de Colombia, _c1996 |
||
| 590 |
_aForma de adquisición : Donación - - Precio : _10.000 |
||
| 650 | 1 | 4 |
_aFOTOGRAFIA - COLOMBIA _99063 |
| 650 | 1 | 4 |
_aFOTOGRAFOS COLOMBIANOS _9630 |
| 650 | 1 | 4 |
_aLOPEZ, NEREO - CRITICA E INTERPRETACION _922955 |
| 942 |
_2ddc _cBK |
||
| 999 |
_c25980 _d25980 |
||